000 00838nam a2200241 a 4500
005 20210223130615.0
008 080918s1980 mx r 000 0 spa d
035 _aUPN01000159649
049 _aUNE
080 _a373.3 (691) =40 RAN No.37.
100 1 _aRanaivosan, Samuel
245 1 3 _aLa Formation du personnel enseignant de l'éducation de base a Madagascar :
_bune étude de cas /
_cSamuel Ranaivosan.
260 _aParis :
_bUNESCO;
_aNew York :
_bUNICEF;
_aRome :
_bWFP,
_c1980.
300 _a13 p.
440 0 _aNotes, comments...;
_v37.
690 _aFormacion de docentes- Enseñanza primaria
690 _aEnseñanza primaria- Formacion de docentes
690 _aMadagascar- Enseñanza primaria
710 2 _aUNICEF.
_924085
710 2 _aUNESCO
710 2 _aWFP. Programa de Alimentación Mundial.
905 _aUNESCO
999 _c131763
_d131763